| 000 | 01164nam0a2200277 4500 | ||
|---|---|---|---|
| 001 | RU\NLR\bibl\469236 | ||
| 005 | 20250623185856.0 | ||
| 021 |
_aRU _b2003-54791 _92662 |
||
| 035 | _a(NLR Aleph) 000462510 | ||
| 090 |
_a942895 _c942895 |
||
| 100 | _a20031205d2003 |||y0rusy50 ca | ||
| 101 | 0 | _arus | |
| 102 | _aRU | ||
| 105 | _aac ||||||||| | ||
| 200 | 1 |
_aВыдающиеся памятники истории и культуры города Симбирска _e355 [лет] _e1648-2003 _f[Почет. гражданин г. Ульяновска Аржанцев Борис Васильевич] |
|
| 210 |
_aБ.м. _cБ.и. _d2003 _eУльяновск _gУльян. Дом печати |
||
| 215 |
_a39, [2] с. _cил., цв. ил., портр. _d29 |
||
| 300 | _aАвт. указан на 4-й с. обл. | ||
| 607 |
_aУльяновск, город _xАрхитектура _91837526 _3RU\NLR\auth\661123284 |
||
| 686 | _aЩ113(2Р=Рус)92Ульяновск | ||
| 700 | 1 |
_aАржанцев _bБ. В. _gБорис Васильевич _4070 |
|
| 801 | 0 |
_aRU _bNLR _c20031205 _gPSBO |
|
| 801 | 1 |
_aRU _bNLR _c20031205 |
|
| 942 | _cBOOK | ||
| 980 | _aNB | ||